000
00325nam a2200133Ia 4500
008
190216s9999||||xx |||||||||||||| ||und||
100
_a
Arthur J Eames
245
0
_a
Morphology Of The Angiosperms
250
_a
1st Ed.
260
_b
Tata Mcgraw Hill Publishing Company Ltd
300
_a
518
650
_a
Botany
942
_c
BK
999
_c
1184
_d
1184